000
00187nam a2200085 4500
001
1256437
005
20251229140648.0
245
_a
SICAK EKMEK
_c
GÜLTEN DAYIOĞLU
260
_b
ALTIN YAYINLARI
999
_c
1256437
_d
1256437